[Event "Los Inmortales IV"]
[Site "Santo Domingo DOM"]
[Date "2002.12.02"]
[Round "6"]
[White "Zapata,A"]
[Black "Vescovi,G"]
[Result "1-0"]
[WhiteElo "2556"]
[BlackElo "2614"]

1.e4 e5 2.Nf3 Nc6 3.Bb5 a6 4.Ba4 Nf6 5.O-O Be7 6.Re1 b5 7.Bb3 d6 8.c3 O-O
9.h3 Bb7 10.d4 Re8 11.Nbd2 Bf8 12.a3 h6 13.Bc2 Nb8 14.b4 Nbd7 15.a4 Nb6 16.a5 Nbd7
17.d5 c6 18.dxc6 Bxc6 19.Bb3 Qb8 20.Nh4 Qb7 21.Nf5 d5 22.Qf3 Re6 23.Qe2 Rc8
24.Bb2 g6 25.Ng3 Nh7 26.h4 Ndf6 27.h5 Nxh5 28.Nxh5 gxh5 29.Qxh5 Rg6 30.Nf3 Re8
31.Nh4 Rg5 32.Qd1 dxe4 33.Bc1 Qd7 34.Bxg5 hxg5 35.Ng6 Bd6 36.Qd2 Re6 37.Bxe6 Qxe6
38.Rad1 Bc7 39.Qe3 fxg6 40.Rd2 Nf6 41.Red1 Ne8 42.Qxg5 e3 43.Qxe3 Qg4 44.f3 Qe6
45.Re1 Ng7 46.Qa7 Qc8 47.Qc5 Qe8 48.Qa7 Qc8 49.Qc5 Qe8 50.Rd6 Bxd6 51.Qxd6 e4
52.fxe4 Nf5 53.Qc7 Nh6 54.Qf4 Kg7 55.Rf1 Qe7 56.e5 Ng8 57.Qd4 Qg5 58.e6+ Nf6
59.Rf2 Qc1+ 60.Kh2 Qh6+ 61.Kg1 Qc1+ 62.Rf1 Qg5 63.Qf2 Bxg2 64.Qxg2 Qe3+ 65.Qf2 Qg5+
66.Kh1 Qh5+ 67.Qh2 Qd5+ 68.Qg2 Qxe6 69.Qf3 Nh7 70.Qg3 Qd5+ 71.Kg1 Ng5 72.Qc7+ Kh6
73.Qf4 Kh7 74.Kh2 Qd3 75.Rf2 Ne4 76.Rg2 Nxc3 77.Rd2 Ne4 78.Rf2 Nc3 79.Rd2  1-0

[Event "ch-POL sf"]
[Site "Lubniewice POL"]
[Date "2002.12.04"]
[Round "5"]
[White "Gasik,Ad"]
[Black "Tworuszka,M"]
[Result "0-1"]
[WhiteElo "1943"]
[BlackElo "2256"]

1.e4 e5 2.Nf3 Nc6 3.Bb5 a6 4.Ba4 Nf6 5.O-O Be7 6.Re1 b5 7.Bb3 d6 8.c3 O-O
9.h3 Bb7 10.d4 Re8 11.Ng5 Rf8 12.Nf3 h6 13.Nbd2 Re8 14.Nf1 Bf8 15.Ng3 g6
16.Nh2 Bg7 17.d5 Na5 18.Bc2 c6 19.dxc6 Bxc6 20.Ng4 Nxg4 21.Qxg4 h5 22.Qe2 Qc7
23.Bg5 Nc4 24.Bb3 Bb7 25.Rad1 a5 26.a4 Ba6 27.axb5 Bxb5 28.Rd5 Ba6 29.Qc2 Reb8
30.Bxc4 Bxc4 31.Rd2 Rb5 32.Nf1 Rab8 33.Qb1 f6 34.Be3 Bf8 35.f4 Qb7 36.Qa1 Ra8
37.fxe5 dxe5 38.Bf2 Bb3 39.Ne3 Bh6 40.Rd6 Qe7 41.Rd3 Rd8 42.Rxd8+ Qxd8 43.c4 Rb7
44.Nd5 Bxc4 45.Bb6 Rxb6 46.Nxb6 Qxb6+ 47.Kh1 Bb3 48.Qb1 Qd4 49.Rf1 Bf4 50.Qe1 Qd3
51.Rf3 Qd1 52.Qxd1 Bxd1 53.Rd3 Bc2 54.Rd5 a4 55.Ra5 Be3 56.Kh2 Bd4  0-1

[Event "11th Donau Open"]
[Site "Aschach AUT"]
[Date "2002.12.30"]
[Round "6"]
[White "Androsch,G"]
[Black "Knoll,H"]
[Result "0-1"]
[WhiteElo "2151"]
[BlackElo "2365"]

1.e4 e5 2.Nf3 Nc6 3.Bb5 a6 4.Ba4 Nf6 5.O-O Be7 6.Re1 b5 7.Bb3 d6 8.c3 O-O
9.h3 Bb7 10.d3 Na5 11.Bc2 c5 12.Nbd2 Re8 13.Nf1 Bf8 14.Bg5 h6 15.Bd2 g6 16.Ng3 Bg7
17.Nh2 d5 18.Qe2 Qc7 19.Ng4 Nxg4 20.Qxg4 dxe4 21.dxe4 Nc4 22.Bc1 Rad8 23.b3 Nd6
24.Be3 c4 25.b4 Qe7 26.Bb6 Rd7 27.Rad1 h5 28.Qe2 Qe6 29.Bc5 Red8 30.a4 Bc6
31.Bb6 Rb8 32.a5 Rbb7 33.f3 Ne8 34.Nf1 Nf6 35.g4 hxg4 36.hxg4 Nh7 37.Be3 Bf6
38.Bf2 Ng5 39.Kg2 Qe7 40.Bc5 Qe8 41.Rxd7 Rxd7 42.Rd1 Ne6 43.Qf2 Nf4+ 44.Kg3 Rxd1
45.Bxd1 Qd8 46.Qc2 Bh4+ 47.Kh2 Be1 48.Kg1 Qd3 49.Qxd3 Nxd3 50.Bd6 Bxc3  0-1

[Event "TCh2-BEL 2002-3"]
[Site "Belgium BEL"]
[Date "2003.01.06"]
[Round "6"]
[White "Baert,A"]
[Black "Minyeyevtsev,S"]
[Result "1/2-1/2"]
[WhiteElo "2187"]
[BlackElo "2182"]

1.e4 e5 2.Nf3 Nc6 3.Bb5 a6 4.Ba4 Nf6 5.O-O Be7 6.Re1 b5 7.Bb3 d6 8.c3 O-O
9.h3 Bb7 10.d4 Re8 11.Ng5 Rf8 12.Nf3 Re8 13.Nbd2 Bf8 14.a3 h6 15.Bc2 Nb8
16.b4 Nbd7 17.Bb2 Rc8 18.a4 c6 19.Nf1 Nb6 20.Ng3 Nxa4 21.Bxa4 bxa4 22.Qxa4 Nd7
23.Rad1 Qc7 24.dxe5 Nxe5 25.Nxe5 dxe5  1/2-1/2

[Event "GMB"]
[Site "Wijk aan Zee NED"]
[Date "2003.01.23"]
[Round "10"]
[White "Nijboer,F"]
[Black "Zhang Zhong"]
[Result "0-1"]
[WhiteElo "2553"]
[BlackElo "2624"]

1.e4 e5 2.Nf3 Nc6 3.Bb5 a6 4.Ba4 Nf6 5.O-O Be7 6.Re1 b5 7.Bb3 d6 8.c3 O-O
9.h3 Bb7 10.d4 Re8 11.Nbd2 Bf8 12.a4 h6 13.Bc2 Qd7 14.d5 Ne7 15.c4 c6 16.b3 g6
17.Bb2 Bg7 18.dxc6 Bxc6 19.c5 Nh5 20.Nf1 dxc5 21.Qxd7 Bxd7 22.Bxe5 Nc6 23.Bxg7 Kxg7
24.e5 Rac8 25.axb5 axb5 26.N1d2 Nf4 27.Ne4 Nxe5 28.Nxe5 Rxe5 29.Nd6 Ra8 30.Kh2 Rxe1
31.Rxe1 Ra2 32.Re7 Be6 33.Be4 Rxf2 34.Rc7 Rd2 35.Nxb5 Nxg2  0-1

[Event "GMA"]
[Site "Bermuda BER"]
[Date "2003.01.29"]
[Round "5"]
[White "Volokitin,And"]
[Black "Vescovi,G"]
[Result "0-1"]
[WhiteElo "2565"]
[BlackElo "2592"]

1.e4 e5 2.Nf3 Nc6 3.Bb5 a6 4.Ba4 Nf6 5.O-O Be7 6.Re1 b5 7.Bb3 d6 8.c3 O-O
9.h3 Bb7 10.d4 Re8 11.Nbd2 Bf8 12.a4 h6 13.Bc2 exd4 14.cxd4 Nb4 15.Bb1 c5
16.d5 Nd7 17.Ra3 f5 18.Nh2 c4 19.Rg3 Nc5 20.exf5 Rxe1+ 21.Qxe1 Nbd3 22.Bxd3 Nxd3
23.Qe6+ Kh8 24.Ng4 Qe8 25.Re3 Qxe6 26.dxe6 Be7 27.Nb3 bxa4 28.Na5 Nxc1 29.Nxb7 Rb8
30.Na5 c3 31.bxc3 a3 32.c4 a2 33.Ra3 d5 34.Ra4 Rb4 35.Rxa2 Nxa2 36.cxd5 Nc3
37.Ne3 Rb1+ 38.Kh2 Rb5 39.Nc6 Bd6+ 40.f4 Nxd5 41.Nxd5 Rxd5 42.e7 Bxe7 43.Nxe7 Rc5
44.Kg3 a5 45.Kg4 a4 46.Kh5 a3 47.Kg6 a2 48.Kf7 Rc7  0-1

[Event "Gibraltar Masters"]
[Site "Catalan Bay ENG"]
[Date "2003.02.01"]
[Round "5"]
[White "Luther,T"]
[Black "Sulskis,S"]
[Result "0-1"]
[WhiteElo "2575"]
[BlackElo "2567"]

1.e4 e5 2.Nf3 Nc6 3.Bb5 a6 4.Ba4 Nf6 5.O-O Be7 6.Re1 b5 7.Bb3 d6 8.c3 O-O
9.h3 Bb7 10.d4 Re8 11.Ng5 Rf8 12.Nf3 Re8 13.Nbd2 Bf8 14.a4 h6 15.Bc2 exd4
16.Nxd4 b4 17.Nxc6 Bxc6 18.cxb4 Rb8 19.b3 Rxb4 20.Ba3 Rb8 21.Rc1 g6 22.Bd3 Bb7
23.Qc2 Rc8 24.Bc4 Nd7 25.Nf3 Bg7 26.Rcd1 Ne5 27.Nxe5 Bxe5 28.Qd3 Rb8 29.Bc1 g5
30.Qf3 Qf6 31.Qxf6 Bxf6 32.f3 Bc8 33.Bd2 Be6 34.Rb1 Bd4+ 35.Kf1 Rb6 36.Rec1 c5
37.Ba5 Rb7 38.Bxa6 Rxb3 39.Bb5 Ra8 40.Bc7 c4 41.Bxd6 c3 42.Rxb3 Bxb3 43.Ke2 Rd8
44.Be7 Rc8 45.Kd3 Be5  0-1

[Event "Gibraltar Masters"]
[Site "Catalan Bay ENG"]
[Date "2003.02.06"]
[Round "10"]
[White "Short,N"]
[Black "Sulskis,S"]
[Result "1-0"]
[WhiteElo "2690"]
[BlackElo "2567"]

1.e4 e5 2.Nf3 Nc6 3.Bb5 a6 4.Ba4 Nf6 5.O-O Be7 6.Re1 b5 7.Bb3 d6 8.c3 O-O
9.h3 Bb7 10.d4 Re8 11.Nbd2 Bf8 12.a3 g6 13.d5 Nb8 14.Nf1 Nbd7 15.Ba2 Rc8
16.N3h2 Nh5 17.Ng4 Nf4 18.Qf3 h5 19.Ngh2 Nc5 20.b4 Ncd3 21.Rd1 Nxc1 22.Raxc1 c5
23.dxc6 Bxc6 24.Ne3 Rc7 25.Nhf1 Qa8 26.Nd5 Bxd5 27.Bxd5 Nxd5 28.Rxd5 Rec8
29.Rc2 Qc6 30.Nd2 Qd7 31.Qd3 f5 32.a4 bxa4 33.Ra5 Bh6 34.Rxa6 Bxd2 35.Rxd6 fxe4
36.Qxd2 Qf5 37.c4 e3 38.fxe3 Kh7 39.c5 a3 40.Ra2 Ra7 41.Rd3 Rca8 42.c6 Qe4
43.b5 Kh6 44.b6 Rf7 45.b7 Raf8 46.Rb3  1-0

[Event "II Marcelo Salado Cup Gp A"]
[Site "Santa Clara CUB"]
[Date "2003.02.11"]
[Round "12"]
[White "Marrero,Y"]
[Black "Gonzalez Mena,J"]
[Result "0-1"]
[WhiteElo "2226"]
[BlackElo "2251"]

1.e4 e5 2.Nf3 Nc6 3.Bb5 a6 4.Ba4 Nf6 5.O-O Be7 6.Re1 b5 7.Bb3 O-O 8.h3 d6
9.c3 Bb7 10.d3 Na5 11.Bc2 c5 12.Nbd2 Re8 13.Nf1 Bf8 14.Ne3 d5 15.Ng4 Nxg4
16.hxg4 d4 17.cxd4 exd4 18.g3 Qd7 19.Nh4 c4 20.Nf5 Nc6 21.f3 Red8 22.Bf4 Nb4
23.Re2 a5 24.Rh2 Ba6 25.Qf1 f6 26.Qh3 g5 27.Bc1 Rac8 28.dxc4 Nxc2 29.Rxc2 bxc4
30.Rh2 c3 31.Nh6+ Kh8 32.Qh5 Rc7 33.Kh1 Rb8 34.bxc3 dxc3 35.Bxg5 fxg5 36.Qxg5 Qg7
37.Qxg7+ Bxg7 38.Rc1 Bxh6 39.Rxh6 c2 40.Kg2 Bf1+  0-1

[Event "Hrokurinn"]
[Site "Reykjavic ISL"]
[Date "2003.02.20"]
[Round "3"]
[White "Bacrot,E"]
[Black "Sokolov,I"]
[Result "0-1"]
[WhiteElo "2671"]
[BlackElo "2688"]

1.e4 e5 2.Nf3 Nc6 3.Bb5 a6 4.Ba4 Nf6 5.O-O Be7 6.Re1 b5 7.Bb3 d6 8.c3 O-O
9.h3 Bb7 10.d4 Re8 11.Nbd2 Bf8 12.a3 Qd7 13.d5 Ne7 14.Nf1 Ng6 15.Bc2 c6 16.dxc6 Bxc6
17.Bg5 Nh5 18.Nh4 Ngf4 19.Qg4 Qxg4 20.hxg4 Ne6 21.Bd2 Nf6 22.g5 Nd7 23.Rad1 a5
24.Bc1 g6 25.Nh2 b4 26.axb4 axb4 27.Ng4 Reb8 28.Nh6+ Kg7 29.g3 bxc3 30.bxc3 Ra2
31.Bd3 Ndc5 32.f4 Nxd3 33.Rxd3 Nc5 34.Rf3 Bxe4 35.Rff1 Bd3 36.fxe5 Bxf1 37.Rxf1 dxe5
38.Rxf7+ Kh8 39.Rf1 Ne4  0-1

[Event "Open"]
[Site "Cappelle la Grande FRA"]
[Date "2003.02.22"]
[Round "1"]
[White "Timoshenko,G"]
[Black "Colin,V"]
[Result "1/2-1/2"]
[WhiteElo "2539"]
[BlackElo "2344"]

1.e4 e5 2.Nf3 Nc6 3.Bb5 a6 4.Ba4 Nf6 5.O-O Be7 6.Re1 b5 7.Bb3 O-O 8.c3 d6
9.h3 Bb7 10.d4 Re8 11.Nbd2 Bf8 12.a4 h6 13.Bc2 exd4 14.cxd4 Nb4 15.Bb1 Qd7
16.b3 g6 17.Bb2 Bg7 18.Qc1 c5 19.d5 Qe7 20.axb5 axb5 21.Rxa8 Rxa8 22.e5 dxe5
23.Bxe5 Nbxd5 24.Bd3 c4 25.bxc4 bxc4 26.Bxc4 Qd8 27.Qb2 Nb6 28.Bf1 Bd5 29.Bb5 Rc8
30.Qd4 Bxf3 31.Qxd8+ Rxd8 32.Nxf3 Nfd5 33.Bh2 Nc3 34.Bf1 Nbd5 35.g4 Ra8 36.Kg2 Bf6
37.Bg3 Ra4 38.Re8+ Kg7 39.Rc8 Ne4 40.Rc4 Ne3+ 41.fxe3 Ra2+ 42.Kg1 Nxg3 43.Bd3 Ra3
44.Ne1 Ra1  1/2-1/2

[Event "ch-CZE"]
[Site "Lahucovice CZE"]
[Date "2003.02.26"]
[Round "9"]
[White "Navara,D"]
[Black "Stocek,J"]
[Result "1-0"]
[WhiteElo "2580"]
[BlackElo "2563"]

1.e4 e5 2.Nf3 Nc6 3.Bb5 a6 4.Ba4 Nf6 5.O-O Be7 6.Re1 b5 7.Bb3 d6 8.c3 O-O
9.h3 Bb7 10.d4 Re8 11.Nbd2 Bf8 12.a3 h6 13.Bc2 Rc8 14.b4 d5 15.Bb2 exd4 16.cxd4 Nxb4
17.axb4 dxe4 18.Ne5 Bxb4 19.Re2 Bxd2 20.Qxd2 c5 21.dxc5 Qxd2 22.Rxd2 Rxc5
23.Ng4 Nxg4 24.hxg4 Bc8 25.Bd1 Rg5 26.Rd6 e3 27.fxe3 Bxg4 28.Bxg4 Rxg4 29.Bd4 Rc8
30.Ra2 Ra8 31.Rdxa6 Rxa6 32.Rxa6 f6 33.Rb6 Rg5 34.Rb7 Kf8 35.Rd7 Ke8 36.Rc7 Kf8
37.e4 Rg4 38.Bc5+ Kg8 39.Re7 h5 40.Kf2 h4 41.Bd6 Rg5 42.Kf3 Rh5 43.Kg4 Rg5+
44.Kh3 Rh5 45.Rc7 Kh7 46.Rc5 Kg6 47.Kg4  1-0

[Event "Hrokurinn"]
[Site "Reykjavic ISL"]
[Date "2003.02.27"]
[Round "9"]
[White "Shirov,A"]
[Black "Sokolov,I"]
[Result "1-0"]
[WhiteElo "2723"]
[BlackElo "2688"]

1.e4 e5 2.Nf3 Nc6 3.Bb5 a6 4.Ba4 Nf6 5.O-O Be7 6.Re1 b5 7.Bb3 d6 8.c3 O-O
9.h3 Bb7 10.d4 Re8 11.Ng5 Rf8 12.Nf3 Re8 13.a4 h6 14.Nbd2 Bf8 15.Bc2 Qd7
16.b3 b4 17.d5 Ne7 18.c4 c5 19.Nf1 Kh8 20.N3h2 Ng6 21.Ne3 Rad8 22.Nf5 Bc8
23.Qf3 Nh7 24.Bd2 Ne7 25.h4 Ng8 26.g4 g6 27.Ne3 Bg7 28.Kh1 Ne7 29.Rg1 Rg8
30.Rg2 Rdf8 31.Rag1 Qd8 32.Nhf1 a5 33.Rh2 f6 34.Ng3 Rf7 35.Kg2 f5 36.gxf5 gxf5
37.exf5 e4 38.Bxe4 Be5 39.Kf1 Nf6 40.Bd3 Rfg7 41.Rhg2 Qe8 42.Ne4 Rxg2 43.Rxg2 Rxg2
44.Kxg2 Nh5 45.Kf1 Qf7 46.Ng4 Nxf5 47.Nxe5 dxe5 48.Ke1 Qg6 49.Nxc5 Kg8 50.Be3 Qg1+
51.Kd2 Nxe3 52.Qxe3 Qa1 53.Bc2 Qb2 54.Qd3 Nf4 55.Qe3 Bf5 56.Ne4 Kf8 57.f3 h5
58.d6 Bxe4 59.Qxe4 Ke8 60.Kd1 Qa1+ 61.Bb1 Qc3 62.Qa8+ Kf7 63.Qa7+ Kg8 64.Qh7+ Kf8
65.Qf5+ Kg7 66.Qe4 Qxb3+ 67.Bc2 Qc3 68.d7 Qa1+ 69.Bb1 Qxa4+ 70.Ke1  1-0

[Event "57th ch-POL w"]
[Site "Sroda Wlkp POL"]
[Date "2003.03.07"]
[Round "9"]
[White "Zawadzka,J"]
[Black "Matras,A"]
[Result "1-0"]
[WhiteElo "2335"]
[BlackElo "2229"]

1.e4 e5 2.Nf3 Nc6 3.Bb5 a6 4.Ba4 Nf6 5.O-O Be7 6.Re1 b5 7.Bb3 d6 8.c3 O-O
9.h3 Bb7 10.d4 Re8 11.Nbd2 Bf8 12.a4 h6 13.Bc2 exd4 14.cxd4 Nb4 15.Bb1 c5
16.d5 Nd7 17.Ra3 g6 18.Nf1 bxa4 19.Rxa4 a5 20.Ra3 Bg7 21.N3h2 Qe7 22.Ng4 Kh7
23.Nge3 Ne5 24.f4 Nd7 25.Ng3 Qh4 26.Nef5 gxf5 27.e5 dxe5 28.Nxf5 Qf6 29.Rg3 e4
30.Nxg7 Rg8 31.Bxe4+ Kh8 32.Nf5 Rxg3 33.Nxg3 Qd4+ 34.Be3 Qxd1 35.Rxd1 Re8
36.Bd2 Kg8 37.Bc3 Nb6 38.Nh5 Rd8 39.Nf6+ Kf8 40.Nh7+ Kg8 41.Nf6+ Kf8 42.d6 Bxe4
43.Nxe4 Nd7 44.Ng3 Re8 45.Nf5 h5 46.Ng7 Re3 47.Kf2 Re4 48.Nxh5 Ke8 49.Kf3 f5
50.Ng7+ Kd8 51.Nxf5 Re8 52.h4 Rf8 53.g4  1-0

[Event "19th Open"]
[Site "Bad Woerishofen GER"]
[Date "2003.03.20"]
[Round "8"]
[White "Kveinys,A"]
[Black "Jenni,F"]
[Result "1-0"]
[WhiteElo "2541"]
[BlackElo "2516"]

1.e4 e5 2.Nf3 Nc6 3.Bb5 a6 4.Ba4 Nf6 5.O-O Be7 6.Re1 b5 7.Bb3 O-O 8.c3 d6
9.h3 Bb7 10.d4 Re8 11.Nbd2 Bf8 12.a3 g6 13.Ba2 Bg7 14.d5 Ne7 15.b4 a5 16.Nb3 axb4
17.cxb4 Nxe4 18.Rxe4 Bxd5 19.Re2 e4 20.Ng5 Bxa1 21.Nxa1 Bxa2 22.Rxa2 d5 23.Rd2 e3
24.fxe3 Nf5 25.Nf3 Nxe3 26.Qb3 Nc4 27.Rd1 Qd6 28.Nc2 Qb6+ 29.Nfd4 Re4 30.Kh1 Rae8
31.Qd3 c5 32.bxc5 Qxc5 33.Rf1 Qb6 34.Bg5 f5 35.Rb1 Qd6 36.Nxb5 Qe5 37.Nc3 Nxa3
38.Nxa3 Re1+ 39.Rxe1 Qxe1+ 40.Kh2 Qe5+ 41.Qg3 d4 42.Bf4 Qe1 43.Nd5 Qxg3+
44.Kxg3 Rd8 45.Ne7+ Kf7 46.Nc6 Rc8 47.Nc4 Kf6 48.Be5+ Kg5 49.N4a5 d3 50.Kf2 Kh5
51.Ke3 g5 52.Kxd3 g4 53.hxg4+ Kxg4 54.Ke3 Re8 55.Kf2 h5 56.Bh2 h4 57.Ne5+ Kh5
58.Nd3 Rc8 59.Nb3 Rc2+ 60.Kg1 Rc3 61.Nbc1 h3 62.Ne2 Ra3 63.Ndf4+ Kg4 64.Nxh3  1-0

[Event "TSGM March"]
[Site "Subotica YUG"]
[Date "2003.03.23"]
[Round "1"]
[White "Colovic,A"]
[Black "Pilgaard,K"]
[Result "0-1"]
[WhiteElo "2385"]
[BlackElo "2437"]

1.e4 e5 2.Nf3 Nc6 3.Bb5 a6 4.Ba4 Nf6 5.O-O Be7 6.Re1 b5 7.Bb3 d6 8.c3 O-O
9.h3 Bb7 10.d4 Re8 11.Nbd2 Bf8 12.a3 h6 13.Ba2 Nb8 14.d5 c6 15.c4 bxc4 16.dxc6 Bxc6
17.Bxc4 d5 18.exd5 Bxd5 19.b4 e4 20.Nd4 Ra7 21.Bb3 Nc6 22.Nxc6 Bxc6 23.Nc4 Nd5
24.Qg4 Re6 25.Ne3 Rg6 26.Qd1 Qf6 27.Bd2 Nf4 28.Ng4 Nxh3+ 29.gxh3 h5 30.Re3 hxg4
31.hxg4 Rd7 32.Ra2 Qh4 33.Bc4 Rxg4+ 34.Kf1 Qh1+ 35.Ke2 Rg1  0-1

[Event "National I"]
[Site "Bordeaux FRA"]
[Date "2003.04.05"]
[Round "5"]
[White "Bernard,Ja"]
[Black "Delorme,Ax"]
[Result "1/2-1/2"]
[WhiteElo "2211"]
[BlackElo "2059"]

1.e4 e5 2.Nf3 Nc6 3.Bb5 a6 4.Ba4 Nf6 5.O-O Be7 6.Re1 b5 7.Bb3 d6 8.c3 O-O
9.h3 Bb7 10.d4 Re8 11.Ng5 Rf8 12.Nf3 Re8 13.Nbd2 h6 14.Nf1 Bf8 15.d5 Na5
16.Bc2 c6 17.dxc6 Bxc6 18.Ng3 g6 19.a4 Qc7 20.axb5 axb5 21.Qe2 Qb7 22.b4 Nb3
23.Rxa8 Nxc1 24.Rxc1 Rxa8 25.Bd3 Bg7 26.Re1 Re8 27.Nd2 d5 28.Nb3 dxe4 29.Nxe4 Bxe4
30.Bxe4 Nxe4 31.Qxe4 Qxe4 32.Rxe4 Rc8 33.Nc5 f5 34.Re2 e4 35.Re3 Kf7 36.Kf1 Bf8
37.Nb3 Bg7 38.Nc5 Bf8  1/2-1/2

[Event "TCh-CZE 2002-3"]
[Site "Czech Rep CZE"]
[Date "2003.04.12"]
[Round "10"]
[White "Hracek,Z"]
[Black "Stocek,J"]
[Result "1/2-1/2"]
[WhiteElo "2601"]
[BlackElo "2563"]

1.e4 e5 2.Nf3 Nc6 3.Bb5 a6 4.Ba4 Nf6 5.O-O Be7 6.Re1 b5 7.Bb3 d6 8.c3 O-O
9.h3 Bb7 10.d4 Re8 11.Nbd2 Bf8 12.d5 Ne7 13.Nf1 Ng6 14.N3h2 Qd7 15.Ng4 Nxe4
16.Rxe4 f5 17.Re1 fxg4 18.Qxg4 Qxg4 19.hxg4 e4 20.Ng3 Ne5  1/2-1/2

[Event "Capablanca Mem Elite"]
[Site "Havana CUB"]
[Date "2003.05.07"]
[Round "2"]
[White "Zapata,A"]
[Black "Bruzon,L"]
[Result "0-1"]
[WhiteElo "2543"]
[BlackElo "2610"]

1.e4 e5 2.Nf3 Nc6 3.Bb5 a6 4.Ba4 Nf6 5.O-O Be7 6.Re1 b5 7.Bb3 d6 8.c3 O-O
9.h3 Bb7 10.d4 Re8 11.Nbd2 Bf8 12.Bc2 Nb8 13.b3 Nbd7 14.d5 c6 15.c4 Qc7 16.Nf1 a5
17.Ne3 Rec8 18.Bd2 bxc4 19.bxc4 g6 20.Rc1 Nc5 21.dxc6 Bxc6 22.Nd5 Qd8 23.Rb1 Rcb8
24.Qe2 Bg7 25.Qe3 Nfd7 26.Rxb8 Nxb8 27.Rb1 Nbd7 28.Qa3 h6 29.Be3 Kh7 30.Nd2 Bf8
31.Nb3 Ne6 32.Nc1 Nec5 33.Ne2 h5 34.Nec3 Bh6 35.Nb5 Bxe3 36.Qxe3 Bxd5 37.cxd5 Qe7
38.Na3 Rb8 39.Nc4 Rxb1+ 40.Bxb1 a4 41.Bc2 Nf6 42.g3 Qc7 43.Qe2 Nfd7 44.Qe1 Nf6
45.Qe2 Nfd7 46.Kg2 Kg7 47.h4 Nf6 48.f3 Nfd7 49.Qe1 Nb7 50.Qb4 Nb6 51.Ne3 Nc5
52.Qb5 Qa7 53.Kf2 Kf8 54.Ke2 Ke7 55.Kd2 Ncd7 56.Bd3 Nc5 57.Bc2 Ncd7 58.Bd3 Nc5
59.Be2 Ncd7 60.Nc2 Nb8 61.Qb4 N8d7 62.Ne3 Nc5 63.Bb5 Nbd7 64.Nc4 Nxe4+ 65.fxe4 Qd4+
66.Kc2 Qxe4+ 67.Kb2 Nc5 68.Qd2 Qf3  0-1

[Event "National I"]
[Site "Clermont-Ferrand FRA"]
[Date "2003.05.10"]
[Round "10"]
[White "Sonnet,JP"]
[Black "Le Roch,D"]
[Result "1-0"]
[WhiteElo "2144"]
[BlackElo "2077"]

1.e4 e5 2.Nf3 Nc6 3.Bb5 a6 4.Ba4 Nf6 5.O-O Be7 6.Re1 b5 7.Bb3 d6 8.c3 O-O
9.h3 Bb7 10.d4 Re8 11.Nbd2 h6 12.Nf1 Bf8 13.Ng3 g6 14.a3 Bg7 15.d5 Nb8 16.Bc2 Nbd7
17.Be3 Qe7 18.Nh2 c6 19.dxc6 Bxc6 20.Qd2 Kh7 21.f4 d5 22.exd5 Bxd5 23.fxe5 Nxe5
24.Bd4 Qc7 25.Qf2 Re6 26.Ne2 Ne4 27.Bxe4 Bxe4 28.Nf4 Nd3 29.Nxe6 fxe6 30.Qe3 Nxe1
31.Bxg7 Qxg7 32.Qxe4 Qa7+ 33.Kh1 Nxg2 34.Kxg2 Rd8 35.Nf3 Qd7 36.Re1 a5 37.Qxe6 Qxe6
38.Rxe6 Rd1 39.Re7+ Kg8 40.Rb7 Rd5 41.Nd4 Rg5+ 42.Kh2 b4 43.axb4 axb4 44.Rxb4 Re5
45.Rb7 Kf8 46.b4 Re3 47.Rc7 Ke8 48.b5 Kd8 49.b6 Re1 50.Nc6+ Ke8 51.b7  1-0

[Event "TCh-Serbia & Montenegro"]
[Site "Budva YUG"]
[Date "2003.05.21"]
[Round "4"]
[White "Cabrilo,G"]
[Black "Blagojevic,D"]
[Result "1/2-1/2"]
[WhiteElo "2469"]
[BlackElo "2548"]

1.e4 e5 2.Nf3 Nc6 3.Bb5 a6 4.Ba4 Nf6 5.O-O Be7 6.Re1 b5 7.Bb3 d6 8.c3 O-O
9.h3 Bb7 10.d4 Re8 11.Nbd2 Bf8 12.Bc2 h6 13.a3 Nb8 14.b4 Nbd7 15.Bb2 g6  1/2-1/2

[Event "Golden Cleopatra"]
[Site "Cairo EGY"]
[Date "2003.06.07"]
[Round "6"]
[White "Sameeh,H"]
[Black "Raes,A"]
[Result "1-0"]
[WhiteElo "2311"]
[BlackElo "2207"]

1.e4 e5 2.Nf3 Nc6 3.Bb5 a6 4.Ba4 Nf6 5.O-O Be7 6.Re1 d6 7.c3 b5 8.Bb3 O-O
9.h3 Bb7 10.d4 Re8 11.Nbd2 Bf8 12.Bc2 Nb8 13.b3 Nbd7 14.a4 g6 15.d5 c6 16.c4 b4
17.Nf1 Nh5 18.Ne3 c5 19.Ng4 Nf4 20.g3 Nxh3+ 21.Kg2 Bc8 22.Rh1 f5 23.exf5 e4
24.Rxh3 exf3+ 25.Qxf3 Ne5 26.Nxe5 Rxe5 27.g4 gxf5 28.gxf5 Ra7 29.Rg3+ Kh8
30.Bb2 Bg7 31.Rh1 Bf6 32.Rh6 Qf8 33.Qh5 Rg7 34.Bxe5 dxe5 35.Rxf6 Rxg3+ 36.fxg3 Qxf6
37.Qe8+ Kg7 38.Qxc8  1-0

[Event "It"]
[Site "Pancevo YUG"]
[Date "2003.06.20"]
[Round "1"]
[White "Grigoriants,S RUS"]
[Black "Radulski,J"]
[Result "1/2-1/2"]
[WhiteElo "2506"]
[BlackElo "2493"]

1.e4 e5 2.Nf3 Nc6 3.Bb5 a6 4.Ba4 Nf6 5.O-O Be7 6.Re1 b5 7.Bb3 d6 8.c3 O-O
9.h3 Bb7 10.d4 Nd7 11.Nbd2 Bf6 12.Nf1 exd4 13.cxd4 Na5 14.Bc2 c5 15.Ne3 cxd4
16.Nxd4 Nc5 17.Ng4 Bxd4 18.Qxd4 Re8 19.b4 Ne6 20.Qe3 Nc4 21.a4 Qh4 22.axb5 axb5
23.Rxa8 Bxa8 24.Bb3 h5 25.Nh2  1/2-1/2

[Event "White Nights"]
[Site "St Petersburg RUS"]
[Date "2003.06.29"]
[Round "1"]
[White "Yandarbiev,R"]
[Black "Shinkevich,V"]
[Result "0-1"]
[WhiteElo "2391"]
[BlackElo "2457"]

1.e4 e5 2.Nf3 Nc6 3.Bb5 a6 4.Ba4 Nf6 5.O-O Be7 6.Re1 b5 7.Bb3 d6 8.c3 O-O
9.h3 Bb7 10.d4 Re8 11.Ng5 Rf8 12.Nf3 Re8 13.Nbd2 Bf8 14.Bc2 g6 15.d5 Ne7
16.b3 c6 17.c4 Qd7 18.Nf1 cxd5 19.cxd5 Nh5 20.a4 h6 21.Ne3 Bg7 22.Ng4 Nf4
23.axb5 axb5 24.Rxa8 Rxa8 25.Bxf4 exf4 26.Nd4 Qc8 27.e5 Nxd5 28.exd6 Qd7
29.Be4 Nc3 30.Qd3 Nxe4 31.Rxe4 Qxd6 32.Re1 Bxd4 33.Qxb5 Qd5  0-1

[Event "Greenland Open"]
[Site "Qaqortoq GRL"]
[Date "2003.06.30"]
[Round "9"]
[White "De Firmian,N"]
[Black "Hjartarson,J"]
[Result "0-1"]
[WhiteElo "2536"]
[BlackElo "2634"]

1.e4 e5 2.Nf3 Nc6 3.Bb5 a6 4.Ba4 Nf6 5.O-O Be7 6.Re1 b5 7.Bb3 O-O 8.c3 d6
9.h3 Bb7 10.d4 Re8 11.a4 Bf8 12.d5 Ne7 13.Bg5 Nd7 14.axb5 axb5 15.Na3 Nc5
16.Bc2 c6 17.b4 Na4 18.dxc6 Bxc6 19.Nxb5 Nb2 20.Rxa8 Qxa8 21.Qb1 Bxb5 22.Qxb2 Qc6
23.Bb3 Rc8 24.Qa2 Bd3 25.Bd5 Bc4 26.Bxc4 Qxc4 27.Qxc4 Rxc4 28.Bxe7 Bxe7 29.Re3 g6
30.g4 Kg7 31.Nd2 Rc8 32.Rd3 f5 33.gxf5 gxf5 34.f3 Kf6 35.Nf1 f4 36.Nd2 Ke6
37.Kf1 h5 38.Nb3 Rg8 39.c4 Rb8 40.b5 Ra8 41.Rc3 Kf7 42.c5 dxc5 43.Nxc5 Rb8
44.Nd3 Rxb5 45.Rc7 Rb1+ 46.Ke2 Ke6 47.Ra7 Rh1 48.Nxe5 Rh2+ 49.Kd1  0-1

[Event "ch-GBR"]
[Site "Edinburgh SCO"]
[Date "2003.07.15"]
[Round "2"]
[White "Karavade,E"]
[Black "Addison,B"]
[Result "1/2-1/2"]
[WhiteElo "2218"]
[BlackElo "2251"]

1.e4 e5 2.Nf3 Nc6 3.Bb5 a6 4.Ba4 Nf6 5.O-O Be7 6.Re1 b5 7.Bb3 O-O 8.h3 Bb7
9.c3 d6 10.d4 Nd7 11.Nbd2 Bf6 12.Nf1 Na5 13.Bc2 c5 14.b3 cxd4 15.cxd4 Nc6
16.d5 Nb4 17.Bb1 a5 18.a3 Na6 19.Bd2 Nac5 20.Bc2 Nb6 21.Ne3 Bc8 22.Qe2 Bd7
23.b4 axb4 24.axb4 Nca4 25.Bd3 Qe8 26.Ng4 Bd8 27.Be3 Rc8 28.Rac1 Nc4 29.Qa2 Nxe3
30.Nxe3 Bb6 31.Qe2 Rxc1 32.Rxc1 Bxe3 33.Qxe3 Qb8 34.Qe2 Rc8 35.Rxc8+ Qxc8
36.Qc2 Qxc2 37.Bxc2 Nc3 38.Ne1 Ne2+ 39.Kf1 Nd4 40.f3 g6 41.Kf2 f5 42.Ke3 f4+
43.Kd3 Kg7 44.Bd1 Kh6 45.Nc2 Nxc2 46.Bxc2 Kg5 47.Ke2 Kh4 48.Kf2 g5 49.Bd3  1/2-1/2

[Event "ch-GBR"]
[Site "Edinburgh SCO"]
[Date "2003.07.19"]
[Round "6"]
[White "Karavade,E"]
[Black "Lim Chin Lee"]
[Result "1-0"]
[WhiteElo "2218"]
[BlackElo "2119"]

1.e4 e5 2.Nf3 Nc6 3.Bb5 a6 4.Ba4 Nf6 5.O-O b5 6.Bb3 Be7 7.Re1 d6 8.c3 O-O
9.h3 Bb7 10.d4 h6 11.Nbd2 Re8 12.Nf1 Bf8 13.Ng3 Na5 14.Bc2 c5 15.b3 cxd4
16.cxd4 Nc6 17.Bb2 Bc8 18.dxe5 dxe5 19.Qxd8 Rxd8 20.Nxe5 Nxe5 21.Bxe5 Rd2
22.Re2 Rxe2 23.Nxe2 Bb7 24.f3 Rc8 25.Bd3 Bc5+ 26.Kh2 Nd7 27.Bf4 g5 28.Bg3 Be3
29.Rd1 Nc5 30.Bb1 b4 31.Rd6 Ne6 32.Rd3 Bb6 33.Rd1 Be3 34.Be5 a5 35.Ng3 Rc1
36.Rxc1 Bxc1 37.Nf5 Bf4+ 38.Bxf4 Nxf4 39.Nd4 Ne6 40.Nxe6 fxe6 41.e5 Bc6 42.Kg3 Kg7
43.Kf2 h5 44.Ke3 a4 45.Be4 axb3 46.axb3 Bb5 47.Bd3 Bc6 48.Kd4 g4 49.hxg4 hxg4
50.Be4 Bd7 51.fxg4 Kh6 52.Kc5 Kg5 53.Kd6 Bc8 54.Bd3 Kxg4 55.Kc7  1-0

[Event "KB Czech Open"]
[Site "Pardubice CZE"]
[Date "2003.07.19"]
[Round "2"]
[White "Sprenger,J"]
[Black "Ostrowski,L"]
[Result "1-0"]
[WhiteElo "2492"]
[BlackElo "2334"]

1.e4 e5 2.Nf3 Nc6 3.Bb5 a6 4.Ba4 Nf6 5.O-O Be7 6.Re1 b5 7.Bb3 d6 8.c3 O-O
9.h3 Bb7 10.d4 Re8 11.Nbd2 Bf8 12.a4 h6 13.Bc2 exd4 14.cxd4 Nb4 15.Bb1 c5
16.d5 Nd7 17.Ra3 f5 18.exf5 Bxd5 19.Ne4 Nf6 20.Nxf6+ Qxf6 21.axb5 axb5 22.Rxe8 Rxe8
23.g4 Be4 24.Re3 Bc6 25.Rxe8 Bxe8 26.h4 Bc6 27.g5 Qf7 28.Nd2 Qe8 29.gxh6 Qe5
30.Qh5 Qe1+ 31.Nf1 Qxc1 32.h7+ Kh8 33.Qf7 Kxh7 34.f6+  1-0

[Event "zt 3.3"]
[Site "Yongchuan CHN"]
[Date "2003.07.21"]
[Round "9"]
[White "Ye Jiangchuan"]
[Black "Zhang Zhong"]
[Result "1/2-1/2"]
[WhiteElo "2683"]
[BlackElo "2658"]

1.e4 e5 2.Nf3 Nc6 3.Bb5 a6 4.Ba4 Nf6 5.O-O Be7 6.Re1 b5 7.Bb3 d6 8.c3 O-O
9.h3 Bb7 10.d4 Re8 11.Ng5 Rf8 12.Nf3 Re8 13.Nbd2 Bf8 14.a4 h6 15.Bc2 exd4
16.cxd4 Nb4 17.Bb1 c5 18.d5 Nd7 19.Ra3 f5 20.Nh2 Nf6 21.Rf3 Re5 22.Rxf5  1/2-1/2